000
00268nam a2200133Ia 4500
100
_a
None
650
_a
Turner
942
_c
BK
654
_a
Turner
245
_a
Turner unsolved papers
260
_b
New Heights
_a
NEW DELHI
_c
1978
546
_a
ENGLISH
999
_c
18246
_d
18246